Top 10 das Copas do Mundo da FIFA - Statistics

Estatísticas Gerais
  • Esse quiz foi jogado 313 vezes
  • A pontuação média é 201 de 221
Estatísticas das Respostas
Posição Seleção % Correto
1930 6 Brasil
100%
1938 3 Brasil
100%
1950 2 Brasil
100%
1954 6 Brasil
100%
1958 1 Brasil
100%
1962 1 Brasil
100%
1970 1 Brasil
100%
1974 4 Brasil
100%
1978 3 Brasil
100%
1982 5 Brasil
100%
1986 5 Brasil
100%
1990 9 Brasil
100%
1994 1 Brasil
100%
1998 2 Brasil
100%
2002 1 Brasil
100%
2006 5 Brasil
100%
2010 6 Brasil
100%
2014 4 Brasil
100%
2018 6 Brasil
100%
2022 7 Brasil
100%
1934 3 Alemanha
99%
1938 10 Alemanha
99%
1994 5 Alemanha
99%
1998 7 Alemanha
99%
2002 2 Alemanha
99%
2006 3 Alemanha
99%
2010 3 Alemanha
99%
2014 1 Alemanha
99%
1954 1 Alemanha Ocidental
99%
1958 4 Alemanha Ocidental
99%
1962 7 Alemanha Ocidental
99%
1966 2 Alemanha Ocidental
99%
1970 3 Alemanha Ocidental
99%
1974 1 Alemanha Ocidental
99%
1978 6 Alemanha Ocidental
99%
1982 2 Alemanha Ocidental
99%
1986 2 Alemanha Ocidental
99%
1990 1 Alemanha Ocidental
99%
1930 2 Argentina
99%
1934 9 Argentina
99%
1962 10 Argentina
99%
1966 5 Argentina
99%
1974 8 Argentina
99%
1978 1 Argentina
99%
1986 1 Argentina
99%
1990 2 Argentina
99%
1994 10 Argentina
99%
1998 6 Argentina
99%
2006 6 Argentina
99%
2010 5 Argentina
99%
2014 2 Argentina
99%
2022 1 Argentina
99%
1930 7 França
99%
1934 9 França
99%
1938 8 França
99%
1954 9 França
99%
1958 3 França
99%
1982 4 França
99%
1986 3 França
99%
1998 1 França
99%
2006 2 França
99%
2014 7 França
99%
2018 1 França
99%
2022 2 França
99%
1930 1 Uruguai
99%
1950 1 Uruguai
99%
1954 4 Uruguai
99%
1966 7 Uruguai
99%
1970 4 Uruguai
99%
2010 4 Uruguai
99%
2018 5 Uruguai
99%
1934 5 Espanha
98%
1950 4 Espanha
98%
1966 10 Espanha
98%
1978 10 Espanha
98%
1986 7 Espanha
98%
1990 10 Espanha
98%
1994 8 Espanha
98%
2002 5 Espanha
98%
2006 9 Espanha
98%
2010 1 Espanha
98%
2018 10 Espanha
98%
1998 3 Croácia
97%
2018 2 Croácia
97%
2022 3 Croácia
97%
1934 1 Itália
97%
1938 1 Itália
97%
1950 7 Itália
97%
1962 9 Itália
97%
1966 9 Itália
97%
1970 2 Itália
97%
1974 10 Itália
97%
1978 4 Itália
97%
1982 1 Itália
97%
1990 3 Itália
97%
1994 2 Itália
97%
1998 5 Itália
97%
2006 1 Itália
97%
1934 9 Holanda
96%
1974 2 Holanda
96%
1978 2 Holanda
96%
1994 7 Holanda
96%
1998 4 Holanda
96%
2010 2 Holanda
96%
2014 3 Holanda
96%
2022 5 Holanda
96%
1950 8 Inglaterra
96%
1954 7 Inglaterra
96%
1962 8 Inglaterra
96%
1966 1 Inglaterra
96%
1970 8 Inglaterra
96%
1982 6 Inglaterra
96%
1986 8 Inglaterra
96%
1990 4 Inglaterra
96%
1998 9 Inglaterra
96%
2002 6 Inglaterra
96%
2006 7 Inglaterra
96%
2018 4 Inglaterra
96%
2022 6 Inglaterra
96%
1966 3 Portugal
96%
2006 4 Portugal
96%
2022 8 Portugal
96%
1970 10 Bélgica
95%
1982 9 Bélgica
95%
1986 4 Bélgica
95%
2014 6 Bélgica
95%
2018 3 Bélgica
95%
1930 5 Chile
95%
1950 9 Chile
95%
1962 3 Chile
95%
2010 10 Chile
95%
2014 9 Chile
95%
2014 5 Colômbia
95%
2018 9 Colômbia
95%
2018 8 Rússia
95%
2022 4 Marrocos
94%
1934 8 Suécia
94%
1938 4 Suécia
94%
1950 3 Suécia
94%
1958 2 Suécia
94%
1970 9 Suécia
94%
1974 5 Suécia
94%
1994 3 Suécia
94%
2018 7 Suécia
94%
2002 4 Coreia do Sul
93%
1930 3 Estados Unidos
93%
1950 10 Estados Unidos
93%
2002 8 Estados Unidos
93%
2002 9 Japão
93%
2010 9 Japão
93%
2022 9 Japão
93%
1934 7 Suíça
91%
1938 6 Suíça
91%
1950 6 Suíça
91%
1954 5 Suíça
91%
2006 10 Suíça
91%
1970 6 México
89%
1986 6 México
89%
2014 10 México
89%
1934 6 Hungria
87%
1938 2 Hungria
87%
1954 2 Hungria
87%
1958 10 Hungria
87%
1962 5 Hungria
87%
1966 6 Hungria
87%
1974 3 Polônia
84%
1978 5 Polônia
84%
1982 3 Polônia
84%
1954 10 Turquia
84%
2002 3 Turquia
84%
1930 9 Paraguai
83%
2010 8 Paraguai
83%
1930 4 Iugoslávia
82%
1950 5 Iugoslávia
82%
1954 8 Iugoslávia
82%
1958 8 Iugoslávia
82%
1962 4 Iugoslávia
82%
1974 7 Iugoslávia
82%
1990 5 Iugoslávia
82%
1998 10 Iugoslávia
82%
2010 7 Gana
80%
1986 9 Dinamarca
79%
1998 8 Dinamarca
79%
2002 10 Dinamarca
79%
1930 10 Peru
78%
1970 7 Peru
78%
1978 8 Peru
78%
1958 6 União Soviética
78%
1962 6 União Soviética
78%
1966 4 União Soviética
78%
1970 5 União Soviética
78%
1982 7 União Soviética
78%
1986 10 União Soviética
78%
1934 4 Áustria
76%
1954 3 Áustria
76%
1978 7 Áustria
76%
1982 8 Áustria
76%
1934 2 Tchecoslováquia
76%
1938 5 Tchecoslováquia
76%
1958 9 Tchecoslováquia
76%
1962 2 Tchecoslováquia
76%
1990 6 Tchecoslováquia
76%
1994 4 Bulgária
75%
2014 8 Costa Rica
74%
1990 8 Irlanda
73%
2002 7 Senegal
73%
2022 10 Senegal
73%
1990 7 Camarões
72%
2006 8 Ucrânia
70%
1994 9 Nigéria
68%
1930 8 Romênia
67%
1938 9 Romênia
67%
1994 6 Romênia
67%
1974 9 Escócia
58%
1958 5 País de Gales
57%
1974 6 Alemanha Oriental
51%
1966 8 Coreia do Norte
51%
1938 7 Cuba
51%
1958 7 Irlanda do Norte
45%
1982 10 Irlanda do Norte
45%
1978 9 Tunísia
43%
Nenhum quiz correspondente encontrado
Distribuição das Pontuações
Porcentagem de Pessoas com Cada Pontuação
Percentil de Números Respondidos
Sua Pontuação Histórica
Você não jogou esse quiz